| 000 | 00689nam a2200217u 4500 | ||
|---|---|---|---|
| 001 | BD-DhSAU 6995 | ||
| 003 | BD-DhSAU | ||
| 005 | 20150516150602.0 | ||
| 008 | 820513s1928 pk b r 001 0 eng | ||
| 040 | _aBD-DhSAU | ||
| 082 |
_222 _a001.433054 _bBHP |
||
| 100 | 1 | _aSingh, Sardar, Gian | |
| 245 | 0 | 3 |
_aAn economic survey of Gaggar Bhana : _ba village in the Amritsar district of the Panjab / _cconducted by S. Gian Singh and C. M. King |
| 260 |
_aLahore : _b"C.&M. Gazette" Press, _cc1928. |
||
| 300 |
_a235 p. : _bill. ; _c26 cm. |
||
| 504 | _aIncludes index. | ||
| 590 | _ajoy | ||
| 650 | _aPlant pathology. | ||
| 650 |
_aEconomic Survey _zIndia. |
||
| 700 | 1 | _aKing, Charles Montague | |
| 942 |
_2ddc _cBOOK |
||
| 999 |
_c6995 _d6995 |
||